| 000 | 00698nam a22002417a 4500 | ||
|---|---|---|---|
| 001 | BD-DhSAU 4215 | ||
| 003 | BD-DhSAU | ||
| 005 | 20150301124140.0 | ||
| 008 | 150215s2006 ii a||||r|||| 000 0 eng d | ||
| 020 | _a8127226300 | ||
| 040 | _aBD-DhSAU | ||
| 082 |
_222 _a632.70941 _bD5353 |
||
| 100 | _aDhaliwal, G S | ||
| 245 |
_aEssentials of agricultural entomology / _cDhaliwal G S...[et al]. |
||
| 260 |
_aNew Delhi : _bKalyani Pub. , _c2006. |
||
| 300 |
_avii, 451 p. : _bill. ; _c25 cm. |
||
| 500 | _aNew arrival 2014 | ||
| 504 | _aIncludes bibliographical references and index. | ||
| 590 | _aerfat | ||
| 650 |
_aAgricultural _ventomology. |
||
| 700 | _aSingh, Ram | ||
| 700 | _aChhillar, B S | ||
| 942 |
_2ddc _cBOOK |
||
| 999 |
_c4215 _d4215 |
||